Recurso del método

Bewaard in:
Bibliografische gegevens
Hoofdauteur: Carpentier, Alejo
Formaat: Boek
Taal:Undetermined
Gepubliceerd in: México, Distrito Federal Siglo Veintiuno 1976
Editie:12
Onderwerpen:
Tags: Voeg label toe
Geen labels, Wees de eerste die dit record labelt!

MARC

LEADER 00000nam a2200000Ia 4500
008 170316s9999 xx 000 0 und d
040 |a cru BVZT 
090 |a 860 C-17re 
100 |a Carpentier, Alejo 
245 |a Recurso del método 
250 |a 12 
260 |a México, Distrito Federal 
260 |b Siglo Veintiuno 
260 |c 1976 
300 |a 343 páginas 
650 |a LITERATURA LATINOAMERICANA 
999 |c 8500  |d 8500 
942 |c 15 D  |h 860 C-17re  |2 z